Nennen Sie die Länder weltweit mit der besten Küche - Statistiken

Allgemein
  • Dieses Quiz wurde 122 mal gespielt
  • Das Durchschnittsergebnis liegt bei 6 aus 10
Antwortstatistiken
Antwort % Korrekt
Italien
91%
Japan
90%
China
87%
Spanien
83%
Frankreich
82%
Mexiko
65%
Griechenland
63%
Portugal
49%
Indonesien
25%
Peru
11%
Keine übereinstimmenden Quizze gefunden
Verteilung der Resultate
Anzahl Personen mit jedem Resultat
Perzentil nach korrekt beantworteten Fragen
Ihre Resultats-Entwicklung
Sie haben dieses Quiz noch nicht gespielt